|
|
|
|
| LEADER |
00000cac a2200000 a 4500 |
| 001 |
26298 |
| 003 |
Ucuenca |
| 005 |
20230308180337.0 |
| 008 |
000060|2000 ec |||||r|||||||||||spa|| |
| 020 |
|
|
|a 92 75 32314 3
|
| 040 |
|
|
|b spa
|
| 041 |
0 |
|
|a es
|
| 082 |
0 |
|
|a 331.761
|
| 245 |
|
|
|a Observatorio de recursos humanos de salud: propuesta integragerencial OPS-CEPAL.OIT
|c Pedro Brito, Edmundo Granda, editores
|h imp
|
| 264 |
|
|
|a Quito
|b Organización Panamericana de la Salud
|c 2000
|
| 300 |
|
|
|a 140 páginas:
|b tab
|c 20.5 cm
|
| 490 |
|
|
|a Observatorio de Recursos Humanos de Salud
|n n° 1
|
| 504 |
|
|
|a incl. ref.
|
| 650 |
|
0 |
|a Recursos humanos en salud
|9 4115
|
| 650 |
|
0 |
|a Reforma en atencion de la salud
|9 87078
|
| 650 |
|
0 |
|a Capacitacion de gestion
|9 87079
|
| 650 |
|
0 |
|a Personal de salud
|9 4238
|
| 700 |
1 |
|
|9 186800
|a Brito, Pedro
|e editor
|
| 700 |
1 |
|
|9 4140
|a Granda, Edmundo
|e editor
|
| 852 |
|
|
|a UC-SALUD
|f Canje
|l 1
|m General
|p 20000608
|q S/. 30.000
|t 26298
|b 0
|d CDRS
|e CDRS
|g 331.761
|z 2000-00-60
|
| 942 |
|
|
|c CR
|2 ddc
|r margoth.maza@ucuenca.edu.ec
|
| 999 |
|
|
|c 52524
|d 52524
|